| 000 | 00604nam a22001937a 4500 | ||
|---|---|---|---|
| 999 |
_c158567 _d158567 |
||
| 005 | 20181105121553.0 | ||
| 010 | _aENG-124439 | ||
| 020 | _c695.00 | ||
| 035 | _aEN-107971 | ||
| 037 | _bDBAD/PUB | ||
| 082 | _a580 | ||
| 245 |
_aAIIMS/ JIPMER/ NEET entrance examination: _cby editorial board _bbotany / |
||
| 260 |
_aChennai _bMayelmani Publishing House _c2017 |
||
| 270 |
_a27/12, Fanpet, V.H.Road, Ist Street, Nandanam, _bChennai _e600035 |
||
| 300 |
_avarious pages _c27cm.(pbk) _bill. picture |
||
| 505 | _aBotany | ||
| 700 |
_d _aeditorial board |
||
| 942 |
_2ddc _cEN _mAII _h580 |
||